Statistics for Top 10 F1 drivers with the most points

Click here to take the quiz!

General Stats

  • This quiz has been taken 38 times
  • The average score is 8 of 10

Answer Stats

NumberPointsAnswer% Correct
14783,5Lewis Hamilton
97%
23961Michael Schumacher
97%
42915Fernando Alonso
89%
33320Sebastian Vettel
86%
52830Kimi Raïkkönen
83%
71992,5Max Verstappen
83%
91874,5Ayrton Senna
75%
62508,5Alain Prost
72%
101844,5Jenson Button
61%
81906Rubens Barrichello
56%

Score Distribution

Percentile by Number Answered

Percent of People with Each Score

Your Score History

You have not taken this quiz